<?xml version="1.0" encoding="UTF-8"?>
<record
    xmlns:xsi="http://www.w3.org/2001/XMLSchema-instance"
    xsi:schemaLocation="http://www.loc.gov/MARC21/slim http://www.loc.gov/standards/marcxml/schema/MARC21slim.xsd"
    xmlns="http://www.loc.gov/MARC21/slim">

  <leader>00756nam a22002177a 4500</leader>
  <controlfield tag="005">20240530110520.0</controlfield>
  <controlfield tag="008">160216s2012    ua a   a      000 f ara d</controlfield>
  <datafield tag="017" ind1=" " ind2=" ">
    <subfield code="a">2012/11117</subfield>
    <subfield code="b">&#x645;&#x635;&#x631; . &#x62F;&#x627;&#x631; &#x627;&#x644;&#x643;&#x62A;&#x628; &#x627;&#x644;&#x645;&#x635;&#x631;&#x64A;&#x629;</subfield>
  </datafield>
  <datafield tag="020" ind1=" " ind2=" ">
    <subfield code="a">9789775023263</subfield>
  </datafield>
  <datafield tag="040" ind1=" " ind2=" ">
    <subfield code="a">EG-CaGPL</subfield>
  </datafield>
  <datafield tag="082" ind1="0" ind2="4">
    <subfield code="2">21</subfield>
    <subfield code="a">813.02</subfield>
    <subfield code="b">&#x637;/&#x632; &#x642;</subfield>
  </datafield>
  <datafield tag="100" ind1="0" ind2=" ">
    <subfield code="a">&#x632;&#x647;&#x631;&#x627;&#x621; &#x633;&#x644;&#x627;&#x645;&#x629; .</subfield>
  </datafield>
  <datafield tag="245" ind1="1" ind2="0">
    <subfield code="a">&#x642;&#x631;&#x635; &#x627;&#x644;&#x634;&#x645;&#x633; &#x627;&#x644;&#x630;&#x647;&#x628;&#x649; /</subfield>
    <subfield code="c">&#x642;&#x635;&#x629; &#x632;&#x647;&#x631;&#x627;&#x621; &#x633;&#x644;&#x627;&#x645;&#x629; &#x61B; &#x631;&#x633;&#x648;&#x645; &#x645;&#x635;&#x637;&#x641;&#x649; &#x628;&#x631;&#x634;&#x648;&#x645;&#x649; .</subfield>
  </datafield>
  <datafield tag="250" ind1=" " ind2=" ">
    <subfield code="a">&#x637;1.</subfield>
  </datafield>
  <datafield tag="260" ind1=" " ind2=" ">
    <subfield code="a">&#x627;&#x644;&#x642;&#x627;&#x647;&#x631;&#x629; :</subfield>
    <subfield code="b">&#x62F;&#x627;&#x631; &#x643;&#x62A;&#x627;&#x628;&#x627;&#x62A; &#x60C;</subfield>
    <subfield code="c">2012 .</subfield>
  </datafield>
  <datafield tag="300" ind1=" " ind2=" ">
    <subfield code="a">&#x645;&#x62A;&#x639;&#x62F;&#x62F; &#x61B;</subfield>
    <subfield code="c">19 &#x633;&#x645; .</subfield>
  </datafield>
  <datafield tag="650" ind1="0" ind2="4">
    <subfield code="a">&#x642;&#x635;&#x635; &#x627;&#x644;&#x627;&#x637;&#x641;&#x627;&#x644; .</subfield>
  </datafield>
  <datafield tag="700" ind1="0" ind2=" ">
    <subfield code="a">&#x645;&#x635;&#x637;&#x641;&#x649; &#x628;&#x631;&#x634;&#x648;&#x645;&#x649; </subfield>
    <subfield code="e">&#x631;&#x633;&#x627;&#x645; .</subfield>
  </datafield>
  <datafield tag="942" ind1=" " ind2=" ">
    <subfield code="2">ddc</subfield>
    <subfield code="c">BK</subfield>
  </datafield>
  <datafield tag="999" ind1=" " ind2=" ">
    <subfield code="c">61875</subfield>
    <subfield code="d">61875</subfield>
  </datafield>
  <datafield tag="952" ind1=" " ind2=" ">
    <subfield code="0">0</subfield>
    <subfield code="1">0</subfield>
    <subfield code="4">0</subfield>
    <subfield code="7">0</subfield>
    <subfield code="a">CAI</subfield>
    <subfield code="b">CAI</subfield>
    <subfield code="d">2016-02-16</subfield>
    <subfield code="l">0</subfield>
    <subfield code="o">813.02 &#x637;/&#x632; &#x642;</subfield>
    <subfield code="p">161306</subfield>
    <subfield code="r">2016-02-16 00:00:00</subfield>
    <subfield code="w">2016-02-16</subfield>
    <subfield code="y">BK</subfield>
  </datafield>
</record>
